000 01073nam a22002417a 4500
005 20240305165453.0
007 cr|||| ||||
008 170908s2015 es |||||s|||| 00||0 spa d
020 _a978-84-15923-95-4
035 _a20576
040 _avLex
090 _c6950
_d6950
100 1 _aValle Muñoz, Francisco Andrés
245 1 2 _aEl contrato eventual para el primer empleo del joven
_h[Recurso electrónico] /
_cFrancisco Andrés Valle Muñoz
256 _aServicio en línea
260 _aAlbacete:
_bEditorial Bomarzo,
_c2015
300 _a1 recurso electrónico
506 1 _aDisponible solo en los productos indicados
_dvLex Global
_dvLex Global (Academic Edition, excluding Law Schools)
_dvLex Global (U.S. Academic Edition, Law Schools)
_dvLex Global (U.S. Academic Edition, excluding Law Schools)
_dvLex Global (Academic Edition, Law Schools)
650 0 4 _aDerecho Laboral y Seguridad Social
_zEspaña
740 0 _avLex Libros (Servicio en línea)
856 4 0 _uhttps://app.vlex.com/#/sources/contrato-eventual-primer-empleo-joven-20576
942 _cRAA
999 _c165196
_d165196